00293 a2200121 4500001000700000020001800007040001100025100001600036240005400052245004900106300000700155362000900162170322 a0-19-424337-0 cMagnum aHines, Alan10aRip van winkle & the legend of sleepy hollowlING10aRip van winkle & the legend of sleepy hollow a440 a2003